Gia công tia lửa điện CNC (CNC electrical discharge machining)

Giúp cho SV, nghiên cứu sinh ngành cơ khí sử dụng được nhiều loại máy mới nhập vào nước ta như máy gia công tia lửa điện(máy xung định hình, hoặc máy cắt dây). Đây là máy thế hệ mới mà phần lớn sử dụng các hệ thống điều khiển CNC ho...

Descripción completa

Guardado en:
Detalles Bibliográficos
Autor principal: Vũ Hoài Ân
Formato: Libro
Lenguaje:Undetermined
Publicado: H. KHKT 2003
Materias:
Etiquetas: Agregar Etiqueta
Sin Etiquetas, Sea el primero en etiquetar este registro!
Thư viện lưu trữ: Trung tâm Học liệu Trường Đại học Cần Thơ
LEADER 00966nam a2200205Ia 4500
001 CTU_56905
008 210402s9999 xx 000 0 und d
082 |a 621.9023 
082 |b Â121g 
100 |a Vũ Hoài Ân 
245 0 |a Gia công tia lửa điện CNC (CNC electrical discharge machining) 
245 0 |c Vũ Hoài Ân 
260 |a H. 
260 |b KHKT 
260 |c 2003 
520 |a Giúp cho SV, nghiên cứu sinh ngành cơ khí sử dụng được nhiều loại máy mới nhập vào nước ta như máy gia công tia lửa điện(máy xung định hình, hoặc máy cắt dây). Đây là máy thế hệ mới mà phần lớn sử dụng các hệ thống điều khiển CNC hoặc NC. 
650 |a machine-tools,mechanical engineering 
650 |x numerical control 
904 |i Thơm,981211 
980 |a Trung tâm Học liệu Trường Đại học Cần Thơ